000 00427nam a2200145 a 4500
003 DO-SdBNP
005 20230320135044.0
007 ta
008 150206s1988 000 spa d
040 _aDO-SdBNP
_cBNPHU
_bspa
082 4 _222
245 0 0 _aLey Núm. 1896 Sobre Seguros Sociales con sus modificaciones y disposiciones afines.
260 _aSanto Domingo, República Dominicana :
_bs.n. ,
_c1988.
942 _2ddc
_cLBS1
999 _c44671
_d44671